01026nam a2200265 a 450000100100000000500170001000800410002702000150006804000250008304100390010808200230014710000190017024000480018924501820023725000110041926000550043030000340048553400720051950000220059165000140061365000290062770000210065670000420067770000410071900002153520260505131525.0100908s1994 mx a 001 0 spa d a9688805963 aDO-SdBNPbspacBNPHU17aspaheng2Código de idiomas MARC a515.15bE26c, 19941 aEdwards, C. H.10aCalculos with analytic geometry.lEspañol10aCálculo con geometría analítica /cC. H. Edwards y David E. Penney ; traducción de Óscar Alfredo Palmas Velasco ; revisión técnica de Víctor Hugo Ibarra Mercado. a4a ed. aMéxico :bPrentice Hall Hispanoamericana,c1994. a956, [80] p. :bil. ;c25 cm. aTraducido de la obra en inglés :tCalculos with analytic geometry aIncluye índice. 0aCálculo 0aGeometría analítica 1 aPenney, David E.1 aPalmas Velasco, Óscar Alfredo,etr.1 aIbarra Mercado, Víctor Hugo,erev.